Statistics for Parties standing in the UK General Election, December 2019

Click here to take the quiz!

General Stats

  • This quiz has been taken 124 times
  • The average score is 13 of 24

Answer Stats

Number of seats contestedAnswerPolitical Position (according to Wikipedia)% Correct
635Conservative PartyCentre-right
100%
631Labour PartyCentre-left to Left
100%
472Green Party of England and WalesLeft
98%
611Liberal DemocratsCentre
98%
59Scottish National PartyCentre-left
95%
275Brexit PartyPopulist
93%
45United Kingdom Independence Party (UKIP)Right to Far-right
91%
17Democratic Unionist PartyCentre-right to right
86%
36Plaid CymruCentre-left to Left
86%
15Sinn FéinCentre-left to Left
77%
16Ulster Unionist PartyCentre-right
63%
18Alliance Party of Northern IrelandCentre
55%
14Social Democratic and Labour PartyCentre-left
53%
24Official Monster Raving Loony PartySitting, facing forwards
46%
19Liberal PartyCentre
45%
28Yorkshire PartyCentre to Centre-left
41%
20Social Democratic PartyCentre to Centre-left
26%
22Scottish Green PartyCentre-left to Left
22%
27Christian Peoples AllianceCentre-right
20%
50Co-operative PartyCentre-left
12%
7AontúConservative
9%
6Animal Welfare PartyAnimal welfare
6%
5Libertarian PartyLibertarian
4%
5Advance TogetherCentre
1%

Score Distribution

Percentile by Number Answered

Percent of People with Each Score

Your Score History

You have not taken this quiz